| 000 -LEADER |
| fixed length control field |
00924nam a2200265Ia 4500 |
| 001 - CONTROL NUMBER |
| control field |
8549 |
| 003 - CONTROL NUMBER IDENTIFIER |
| control field |
GE_BSU |
| 008 - FIXED-LENGTH DATA ELEMENTS--GENERAL INFORMATION |
| fixed length control field |
181216s||||||||xx |||||||||||||| ||und|| |
| 020 ## - INTERNATIONAL STANDARD BOOK NUMBER |
| International Standard Book Number |
9789941180071. |
| 040 ## - CATALOGING SOURCE |
| Transcribing agency |
GE_BSU |
| 080 ## - UNIVERSAL DECIMAL CLASSIFICATION NUMBER |
| Universal Decimal Classification number |
821.353.1-11 |
| 100 ## - MAIN ENTRY--PERSONAL NAME |
| Personal name |
ვაჟა-ფშაველა |
| 245 ## - TITLE STATEMENT |
| Title |
ალუდა ქეთელაური. |
| 245 ## - TITLE STATEMENT |
| Remainder of title |
პოემა. |
| 245 ## - TITLE STATEMENT |
| Statement of responsibility, etc. |
წინასიტყვ.აკა მორჩილაძისა. |
| 250 ## - EDITION STATEMENT |
| Edition statement |
ილიას ბიბლიოთეკა დემოკრატიული ღირებულებები ქართულ კულტურაში. |
| 260 ## - PUBLICATION, DISTRIBUTION, ETC. |
| Place of publication, distribution, etc. |
თბილისი. |
| 260 ## - PUBLICATION, DISTRIBUTION, ETC. |
| Name of publisher, distributor, etc. |
ილიას უნ-ტი. |
| 260 ## - PUBLICATION, DISTRIBUTION, ETC. |
| Date of publication, distribution, etc. |
2010. |
| 300 ## - PHYSICAL DESCRIPTION |
| Extent |
30გვ;15სმ. |
| 653 ## - INDEX TERM--UNCONTROLLED |
| Uncontrolled term |
ალუდა ქეთელაური. |
| 653 ## - INDEX TERM--UNCONTROLLED |
| Uncontrolled term |
პოემა. |
| 942 ## - ADDED ENTRY ELEMENTS (KOHA) |
| Koha item type |
წიგნი |